| 000 | 00520cam a2200217ua 4500 | ||
|---|---|---|---|
| 041 |
_aeng _h |
||
| 082 |
_a632.7 _bMAN/GE |
||
| 100 | _aMani, M S . | ||
| 245 |
_aGeneral entomology / _cM S Mani. _hTextual Documents |
||
| 250 |
_a3 / _b. |
||
| 260 |
_aNew Delhi : _bOxford & IBH Publishing company , _c1973. |
||
| 300 | _a912 ; . | ||
| 504 | _a | ||
| 942 | _cBK | ||
| 999 |
_c5483 _d5483 |
||